Small business dynamics : international,national and regional perspectives

Αποθηκεύτηκε σε:
Λεπτομέρειες βιβλιογραφικής εγγραφής
Άλλοι συγγραφείς: Karlsson, Charlie 1945- (Επιμελητής έκδοσης), Johannisson, Bengt 1942- (Επιμελητής έκδοσης), Storey, D. J. (Επιμελητής έκδοσης)
Μορφή: Βιβλίο
Γλώσσα:English
Δημοσίευση: London, New York : Routledge, 1993
Θέματα:
Ετικέτες: Προσθήκη ετικέτας
Δεν υπάρχουν, Καταχωρήστε ετικέτα πρώτοι!

MARC

LEADER 00000nam a2200000 i 4500
001 1/20235
008 960705s1993 eng d
020 |a 0-415-09625-1 
035 |l 10021513 
040 |a GR-MY-UA  |b gre  |e aacr 
041 0 |a eng 
082 0 |a 338.642 
245 1 0 |a Small business dynamics :  |b international,national and regional perspectives /  |c edited by:Charlie Karlsson, Bengt Johannisson, David Storey 
260 |a London, New York :   |b Routledge,   |c 1993 
300 |a 250 p. 
500 |a Includes index 
650 0 0 |a Small business. 
650 0 0 |a Small business  |x Growth. 
700 1 |a Karlsson, Charlie  |d 1945-  |4 edt 
700 1 |a Johannisson, Bengt  |d 1942-  |4 edt 
700 1 |a Storey, D. J.  |4 edt 
852 |a INST  |b CHIOS  |e 19960705  |h 338.642 SMA  |p 005200003541  |q 005200003541  |t BK  |y 0 
909 |a Χ  |b 037825